00717nam a2200241Ia 4500003000400000005001700004008004100021020001500062040000700077041000800084082001700092100002400109245002600133260004000159300001700199365001300216650002100229650003100250906002800281942001200309999001900321952013500340OSt20230329144453.0210423s2008 xx 000 0 und d a8173716048 cAL aeng a332.042 SHAG aSHAILAJA (G)979647 aInternational finance aNew DelhibUniversities Pressc2008 aviii,360bPB b250cINR aEconomics979648 aFinancial Economics979649 afinance ; International 2ddccBK c156395d156395 001040708ECOaSACPGbSACPGd2008-11-05eKnowledge Worldg250.00l0o332.042 SHAGpPG002869r2022-08-24 00:00:00w2021-04-26yBK